| 000 | 01024cam a2200325 a 4500 | ||
|---|---|---|---|
| 001 | 87183 | ||
| 005 | 20230410115641.0 | ||
| 008 | 990316s1998 cr b 000 0 spa | ||
| 010 | _a 99184186 | ||
| 035 | _a(OCoLC)ocm41254053 | ||
| 040 |
_aDLC _cDLC _dNDD _dOCLCG |
||
| 020 | _a9977651426 | ||
| 020 | _a9789977651422 | ||
| 029 | 1 |
_aAU@ _b000020104454 |
|
| 035 | _a(OCoLC)41254053 | ||
| 050 | 1 | 4 |
_aHF1418.5 _b.Q47 1998 |
| 082 | 0 | 4 |
_a330.122 _bQ5, G562, 1998 |
| 100 | 1 |
_aQuesada Monge, Rodrigo, _d1952- |
|
| 245 | 1 | 0 |
_aGlobalizacion y deshumanizacion : _bdos caras del capitalismo avanzado / _cRodrigo Quesada Monge. |
| 250 | _a1. ed. | ||
| 260 |
_aHeredia, Costa Rica : _bEUNA, _c1998. |
||
| 300 |
_a215 p. ; _c21 cm. |
||
| 504 | _aIncludes bibliographical references (p. 207-215). | ||
| 650 | 0 |
_aInternational economic integration _xSocial aspects. |
|
| 650 | 0 |
_aCapitalism _xSocial aspects. |
|
| 650 | 0 |
_aMarginality, Social _xEconomic aspects. |
|
| 942 |
_2lcc _cbk |
||
| 994 |
_aC0 _bDRFGD |
||
| 946 | _aMF | ||
| 999 |
_c45356 _d45356 |
||